000 00335nam a2200145 i 4500
001 bg
100 1 _aTURSKI, Władysław M.
245 0 _aPropedeutyka informatyki /
_cW.M. Turski.
250 _aWyd. 2.
260 _aWarszawa,
_c1985.
040 _cBPK
041 _apol
942 _cKS
008 s pl f |000 0 pol
999 _c28280
_d28280
856 _uhttp://koha.tu.koszalin.pl/cgi-bin/koha/opac-detail.pl?biblionumber=28280
_yKatalog online BPK